|
|
|
|
| LEADER |
00000nam a2200000 a 4500 |
| 001 |
vtls001441455 |
| 003 |
SK-MaSNL |
| 005 |
20260301190801.0 |
| 008 |
190927s2002 xo a r y 0 slo |
| 015 |
|
|
|a SNBI2002/04-01607
|
| 020 |
|
|
|a 8088961084
|
| 035 |
|
|
|a SNK000396645
|
| 040 |
|
|
|a SNK
|b slo
|c SNK
|e AACR2
|
| 041 |
0 |
|
|a slo
|
| 044 |
|
|
|a xo
|c SK
|
| 080 |
|
|
|a 347.7:340.133(094.5)
|2 1981
|
| 080 |
|
|
|a 340.133
|2 1981
|
| 110 |
1 |
|
|a Slovensko
|4 aut
|9 266955
|
| 240 |
1 |
0 |
|a Zákony, etc.
|
| 245 |
1 |
|
|a Obchodné právo
|b SEPI "A" - aktualizácia č. 53
|
| 260 |
|
|
|a Žilina
|b Systém ekonomických a právnych informácií
|c [2002]
|
| 300 |
|
|
|a 228 s.
|b tab.
|c 21 cm
|
| 500 |
|
|
|a SEPI - Systém Ekonomických a Právnych Informácií
|
| 500 |
|
|
|a Voľné listy zopnuté páskou
|
| 505 |
0 |
|
|a Obsahuje aktualizáciu súboru Obchodné právo, ktorej obsahom je Zákon o cenných papieroch a súvisiace predpisy
|
| 650 |
0 |
7 |
|a právo obchodné
|x zákony
|x príručky
|2 SNK
|9 390285
|
| 655 |
|
7 |
|a zákony
|2 SNK
|9 70186
|
| 730 |
|
|
|t Zákony, etc.
|9 297084
|
| 919 |
|
|
|a 80-88961-08-4
|
| 958 |
|
|
|a TL
|
| 999 |
|
|
|c 868821
|d 870751
|
| 952 |
|
|
|t P60, <03>, [BOOK], {603}
|a SNK
|b SNK
|y PREZ
|7 0
|p 17A0357448
|o snkSC 102061/pril. 53
|i snkKSP 11838/2002
|0 0
|1 0
|4 0
|d 2002-09-27
|l 0
|r 2025-09-23 00:00:00
|w 2026-02-24
|
| 952 |
|
|
|t P60, <04>, [BOOK], {604}
|a SNK
|b SNK
|y VYP
|7 0
|p 17A0357449
|o snkSC 102061/pril. 53 D1
|i snkKSP 11839/2002
|0 0
|1 0
|4 0
|d 2002-09-27
|l 0
|r 2005-01-02 00:00:00
|w 2026-02-24
|